Farmers prevent pollution (Record no. 10010)

MARC details
000 -LEADER
fixed length control field 00747cab a2200253 4500
001 - CONTROL NUMBER
control field WB2644-41
008 - FIXED-LENGTH DATA ELEMENTS--GENERAL INFORMATION
fixed length control field 090401t1990 xxu||||| |||| 00| 0 eng d
035 ## - SYSTEM CONTROL NUMBER
System control number (Sirsi) u15292
041 ## - LANGUAGE CODE
Language code of text/sound track or separate title eng
245 ## - TITLE STATEMENT
Title Farmers prevent pollution
260 ## - PUBLICATION, DISTRIBUTION, ETC.
Date of publication, distribution, etc. 1990
350 ## - PRICE (NR) (BK AM CF MU VM SE) [OBSOLETE]
Price 0
490 ## - SERIES STATEMENT
Series statement Daily Telegraph
Volume/sequential designation 2/11/90 p6
490 ## - SERIES STATEMENT
Series statement MAFF News Release
Volume/sequential designation no 347/90 1 November 1990 (4)
520 ## - SUMMARY, ETC.
Summary, etc. There has good take-up of grants under the Farm and Conservation Grant Scheme by farmers, who have spent more than £36m in two years to reduce pollution .
650 ## - SUBJECT ADDED ENTRY--TOPICAL TERM
Topical term or geographic name entry element FARM POLLUTION
650 ## - SUBJECT ADDED ENTRY--TOPICAL TERM
Topical term or geographic name entry element FARM WASTE
650 ## - SUBJECT ADDED ENTRY--TOPICAL TERM
Topical term or geographic name entry element FARMING
650 ## - SUBJECT ADDED ENTRY--TOPICAL TERM
Topical term or geographic name entry element SILAGE
650 ## - SUBJECT ADDED ENTRY--TOPICAL TERM
Topical term or geographic name entry element SLURRY
690 ## - LOCAL SUBJECT ADDED ENTRY--TOPICAL TERM (OCLC, RLIN)
Topical term or geographic name as entry element RURAL PRACTICE
942 ## - ADDED ENTRY ELEMENTS (KOHA)
Suppress in OPAC 0
948 ## - LOCAL PROCESSING INFORMATION (OCLC); SERIES PART DESIGNATOR (RLIN)
c (OCLC) 04/03/1997
Holdings
Withdrawn status Lost status Source of classification or shelving scheme Damaged status Not for loan Home library Current library Shelving location Date acquired Total Checkouts Full call number Barcode Date last seen Copy number Price effective from Koha item type
    Dewey Decimal Classification     London London News article 14/09/1999   WB2644-41 15292-1001 06/08/2019 1 06/08/2019 News article